000 01173nam a2200337Ia 4500
001 dia_3598
003 CHAP
005 20251023165932.0
008 220117s1994 xx 000 0 und d
010 _a174091
020 _a82-993330-3-2
040 _cCHAP
082 _a519.535 E83 1994
100 _aEsbensen, Kim H.
_9154981
245 _aMultivariate data analysis : in practice : an introduction to multivariate data analysis and experimental design /
_c Kim H. Esbenson ; colaboración Dominique Guyot, Frank Westad y Lars P. Houmøller
250 _a5a ed.
260 _aEstados Unidos de América :
_b CAMO,
_c1994
300 _axx, 598 p.
500 _aLos ejemplares 2 y 3 son material fotocopiado
503 _aI. 229331 (ej.1)
590 _aQA278 E83 1994
650 _aAnálisis multivariado
_95990
650 _aMultivariate analysis
_9154982
700 _aGuyot, Dominique, colab.
_9154983
700 _aHoumøller, Lars P., colab.
_9154984
700 _aWestad, Frank, colab.
_9154985
901 _a519.535 E83 1994
902 _aM
905 _a5232271994 -usamnl8222223322eng16
942 _cLIBRO
_2ddc
999 _c174091
_d174091